|
|
|
|
| LEADER |
00000cam a22000004a 4500 |
| 001 |
musev2_67616 |
| 003 |
MdBmJHUP |
| 005 |
20230905050945.0 |
| 006 |
m o d |
| 007 |
cr||||||||nn|n |
| 008 |
121124s2011 enk o 00 0 eng d |
| 020 |
|
|
|a 9781847794215
|
| 020 |
|
|
|z 9781847797964
|
| 020 |
|
|
|z 9780719084904
|
| 020 |
|
|
|z 9780719095559
|
| 035 |
|
|
|a (OCoLC)1132669608
|
| 040 |
|
|
|a MdBmJHUP
|c MdBmJHUP
|
| 100 |
1 |
|
|a Barclay, Katie,
|e author.
|
| 245 |
1 |
0 |
|a Love, Intimacy and Power :
|b Marriage and patriarchy in Scotland, 1650-1850 /
|c Katie Barclay.
|
| 264 |
|
1 |
|a Manchester :
|b Manchester University Press,
|c 2011.
|
| 264 |
|
3 |
|a Baltimore, Md. :
|b Project MUSE,
|c 2020
|
| 264 |
|
4 |
|c ©2011.
|
| 300 |
|
|
|a 1 online resource (232 pages).
|
| 336 |
|
|
|a text
|b txt
|2 rdacontent
|
| 337 |
|
|
|a computer
|b c
|2 rdamedia
|
| 338 |
|
|
|a online resource
|b cr
|2 rdacarrier
|
| 490 |
0 |
|
|a Gender in History
|
| 505 |
0 |
|
|a Copyright; Contents; Acknowledgements; List of tables; 1. Introduction: thinking patriarchy; 2. Marriage within Scottish culture; 3. The first step to marriage: courtship; 4. The construction of patriarchy: love, obligation and obedience; 5. The negotiation of patriarchy: intimacy, friendship and duty; 6. The ambiguities of patriarchy: the marital economy; 7. When negotiation fails: the abuses of patriarchy; 8. Conclusion: rethinking patriarchy; Select bibliography; Index.
|
| 520 |
8 |
|
|a Exploring the marital relationships of the Scottish elites, 1650-1850, Katie Barclay looks at how they negotiated love, intimacy and power in a patriarchal culture.
|
| 588 |
|
|
|a Description based on print version record.
|
| 650 |
|
7 |
|a Geschlechterverhältnis
|2 gnd
|
| 650 |
|
7 |
|a Ehe
|2 gnd
|
| 650 |
|
7 |
|a Marriage
|x Social aspects.
|2 fast
|0 (OCoLC)fst01010522
|
| 650 |
|
7 |
|a Male domination (Social structure)
|2 fast
|0 (OCoLC)fst01741391
|
| 650 |
|
7 |
|a HISTORY
|x Modern
|y 20th Century.
|2 bisacsh
|
| 650 |
|
7 |
|a FAMILY & RELATIONSHIPS
|x Marriage.
|2 bisacsh
|
| 650 |
|
6 |
|a Domination masculine (Structure sociale)
|x Histoire.
|
| 650 |
|
6 |
|a Mariage
|x Aspect social
|z Écosse
|x Histoire.
|
| 650 |
|
0 |
|a Male domination (Social structure)
|z Scotland
|x History.
|
| 650 |
|
0 |
|a Marriage
|x Social aspects
|z Scotland
|x History.
|
| 651 |
|
7 |
|a Schottland
|2 gnd
|
| 651 |
|
7 |
|a Scotland.
|2 fast
|0 (OCoLC)fst01206715
|
| 655 |
|
7 |
|a History.
|2 fast
|0 (OCoLC)fst01411628
|
| 655 |
|
7 |
|a Electronic books.
|2 local
|
| 710 |
2 |
|
|a Project Muse.
|e distributor
|
| 830 |
|
0 |
|a Book collections on Project MUSE.
|
| 856 |
4 |
0 |
|z Texto completo
|u https://projectmuse.uam.elogim.com/book/67616/
|
| 945 |
|
|
|a Project MUSE - Custom Collection
|
| 945 |
|
|
|a Project MUSE - Archive Complete Supplement VIII
|
| 945 |
|
|
|a Project MUSE - Archive History Supplement VIII
|